FERTILITY INVESTIGATIONS ON THE SOILS OF SOUTH KERALA IN RELATION TO THEIR PHYSIOGRAPHIC POSITIONS (Record no. 372166)

MARC details
000 -LEADER
fixed length control field 00415nam a2200121 4500
082 ## - DEWEY DECIMAL CLASSIFICATION NUMBER
Classification number E N87 WI 57
100 ## - MAIN ENTRY--PERSONAL NAME
Personal name G.WILFRED GODWIN
245 ## - TITLE STATEMENT
Title FERTILITY INVESTIGATIONS ON THE SOILS OF SOUTH KERALA IN RELATION TO THEIR PHYSIOGRAPHIC POSITIONS
250 ## - EDITION STATEMENT
Edition statement MSc
260 ## - PUBLICATION, DISTRIBUTION, ETC. (IMPRINT)
Place of publication, distribution, etc. COLLEGE OF AGRICULTURE VELLAYANI
Name of publisher, distributor, etc. DEPARTMENT OF SOIL SCIENCE AND AGRICULTURAL CHEMISTRY
Date of publication, distribution, etc. 1986
700 ## - ADDED ENTRY--PERSONAL NAME
Personal name ALICE ABRAHAM
942 ## - ADDED ENTRY ELEMENTS (KOHA)
Koha item type Theses
Holdings
Withdrawn status Lost status Damaged status Not for loan Collection code Home library Current library Date acquired Total Checkouts Full call number Barcode Date last seen Price effective from Koha item type
          College of Agriculture, Vellayani College of Agriculture, Vellayani 15/12/2023   E N87 WI 57 KAU_COAV-Th421 15/12/2023 15/12/2023 Theses
Kerala Agricultural University Central Library
Thrissur-(Dt.), Kerala Pin:- 680656, India
Ph : (+91)(487) 2372219
E-mail: librarian@kau.in
Website: http://library.kau.in/